Normal view
MARC view
Entry Personal Name
001 - CONTROL NUMBER
- control field: 159348
003 - CONTROL NUMBER IDENTIFIER
- control field: OSt
005 - DATE AND TIME OF LATEST TRANSACTION
- control field: 20220923211205.0
008 - FIXED-LENGTH DATA ELEMENTS
- fixed length control field: 220923|| aca||aabn | a|a d
040 ## - CATALOGING SOURCE
- Original cataloging agency: OSt
- Transcribing agency: OSt
100 ## - HEADING--PERSONAL NAME
- Personal name: साह, छेदी
670 ## - SOURCE DATA FOUND
- Source citation: Work cat.: (OSt)296578: साह, छेदी, हिन्दी साहित्य की दिशा तथा अन्य निबंध, 2012
